Chính phủ nước cộng hòa xã hội chủ nghĩa Việt Nam nhiệm kỳ 2002 - 2007

Đã lưu trong:
Sonraí Bibleagrafaíochta
Formáid: Leabhar
Teanga:Undetermined
Foilsithe: H. Thông Tấn 2002
Ábhair:
Clibeanna: Cuir Clib Leis
Gan Chlibeanna, Bí ar an gcéad duine leis an taifead seo a chlibeáil!
Thư viện lưu trữ: Trung tâm Học liệu Trường Đại học Cần Thơ
LEADER 00552nam a2200181Ia 4500
001 CTU_52958
008 210402s9999 xx 000 0 und d
020 |b 27000 
082 |a 321.92 
082 |b Ch312 
245 0 |a Chính phủ nước cộng hòa xã hội chủ nghĩa Việt Nam nhiệm kỳ 2002 - 2007 
260 |a H. 
260 |b Thông Tấn 
260 |c 2002 
650 |a vietnam,communist state 
650 |x politics and government 
650 |y 2002-2007 
980 |a Trung tâm Học liệu Trường Đại học Cần Thơ